000 00580nam a2200205Ii 4500
003 JO-AjNU
008 230606s9999||||xx |||||||||||||| ||und||
020 _a978-0-19-922635-1
040 _aJO-AjNU
_beng
_erda
_cJO-AjNU
041 _aeng
050 1 4 _aR119.D58.2009
100 3 _aDivan,Aysha,
_eauthor
_92070
245 0 0 _aCommunication Skills For the Biosciences Agraduate guide
264 3 1 _aOXFORD,2009
300 _a269p
336 _atext
_btxt
_2rdacontent
337 _aunmediated
_bn
_2rdamedia
338 _avolume
_bnc
_2rdacarrier
650 4 _aCommunication
_92071
999 _aE1087
_c1087
_d1087